| 000 | 00511nam a2200205Ia 4500 | ||
|---|---|---|---|
| 008 | 210210b2017 xxu||||| |||| 00| 0 eng d | ||
| 041 | _aeng | ||
| 082 | _a150K TIRM | ||
| 100 | _aTHIRTHARAM VALALAMBE | ||
| 245 | _aManovijnana: paramparika haghu adhunika parikalpane | ||
| 260 |
_aMangaluru _bYaana Prakashana _c2017 |
||
| 300 | _a271 | ||
| 650 | _aparikalpane | ||
| 650 | _aparamparka | ||
| 650 | _aManovijnana: | ||
| 650 | _ahaghu | ||
| 650 | _aadhunika | ||
| 690 | _aPsychology | ||
| 906 | _a072365 | ||
| 999 |
_c122264 _d122264 |
||